00809 2200277 4500001002100000005001500021035002000036007000300056008004100059082001100100084001700111100003300128245008000161250001300241260005700254300003600311264003600347336002100383337003000404338002300434650000800457650001500465650001100480020001800491990002200509INLIS00000000000434320260527012003 a0010-1121000110ta260527 0  a372.37 a372.37 SIG i0 aSigit Widiantoro,ePengarang1 aIlmu Pengetahuan Sosial :bSemester Pertama Kelas 5 SD /cSigit Widiantoro, a--Cet--1 a--Jakarta :bYayasan Pesantren Islam Al Azhar,c2015 aviii, 128 hlm. :bIlus ;c27 cm a--Jakarta; :bYudhistira,c2007 2rdacontentaTeks 2rdamediaaTanpa Perantara 2rdacarrieraVolume 4aIPS 4aPendidikan 4aSosial a979-746-715-5 a35.091/S/DPK/2021